Statistical Quality Control (Record no. 3307)

MARC details
000 -LEADER
fixed length control field 00569nam a22002057a 4500
003 - CONTROL NUMBER IDENTIFIER
control field OSt
005 - DATE AND TIME OF LATEST TRANSACTION
control field 20250922145847.0
008 - FIXED-LENGTH DATA ELEMENTS--GENERAL INFORMATION
fixed length control field 160323b xxu||||| |||| 00| 0 eng d
020 ## - INTERNATIONAL STANDARD BOOK NUMBER
International Standard Book Number 0070241627
040 ## - CATALOGING SOURCE
Transcribing agency 040a
082 ## - DEWEY DECIMAL CLASSIFICATION NUMBER
Classification number 310 EUG 1996
100 ## - MAIN ENTRY--PERSONAL NAME
Personal name Grant, Eugene L.; Leavenworth, Richard S.
9 (RLIN) 7414
245 ## - TITLE STATEMENT
Title Statistical Quality Control
250 ## - EDITION STATEMENT
Edition statement 7th.ed
260 ## - PUBLICATION, DISTRIBUTION, ETC. (IMPRINT)
Place of publication, distribution, etc. Boston
Name of publisher, distributor, etc. McGraw-Hill
Date of publication, distribution, etc. 1996
300 ## - PHYSICAL DESCRIPTION
Extent xix, 764p;
Other physical details ill :
Dimensions 13 cm
504 ## - BIBLIOGRAPHY, ETC. NOTE
Bibliography, etc Includes bibliographical references, & index
650 ## - SUBJECT ADDED ENTRY--TOPICAL TERM
Topical term or geographic name as entry element Quality control
9 (RLIN) 2942
942 ## - ADDED ENTRY ELEMENTS (KOHA)
Source of classification or shelving scheme Dewey Decimal Classification
Koha item type Short Loan
Holdings
Withdrawn status Lost status Source of classification or shelving scheme Damaged status Not for loan Home library Current library Date acquired Source of acquisition Inventory number Total Checkouts Full call number Barcode Date last seen Koha item type
    Dewey Decimal Classification     MUST Main Library MUST Main Library 23/03/2016 Purchase 02/16831   310 EUG 1996 2016-0507 23/03/2016 Open Shelf
    Dewey Decimal Classification     MUST Main Library MUST Main Library 08/04/2016 Purchase 02/16832   310 EUG 1996 2016-0672 08/04/2016 Open Shelf